Dungeons and Dragons Spellbook - Statistics

General Stats
  • This quiz has been taken 1,009 times
    908 since last reset
  • The average score is 129 of 499
Answer Stats
Level School Classes Answer % Correct
3rd Evocation Sorcerer/Wizard Fireball
86%
6th Evocation Cleric/Druid Heal
79%
Cantrip Evocation Artificer/Bard/Cleric/Sorcerer/Wizard Light
78%
Cantrip Evocation Artificer/Sorcerer/Wizard Firebolt
77%
Cantrip Evocation Warlock Eldritch Blast
71%
Cantrip Conjuration Artificer/Bard/Sorcerer/Warlock/Wizard Mage Hand
66%
1st Abjuration Sorcerer/Wizard Shield
64%
9th Conjuration Sorcerer/Wizard Wish
64%
1st Evocation Bard/Cleric/Druid Healing Word
63%
Cantrip Illusion Bard/Sorcerer/Warlock/Wizard Minor Illusion
63%
1st Evocation Artificer/Bard/Cleric/Druid/Paladin/Ranger Cure Wounds
61%
1st Evocation Sorcerer/Wizard Magic Missile
61%
Cantrip Transmutation Artificer/Bard/Sorcerer/Warlock/Wizard Prestidigitation
60%
1st Enchantment Cleric/Paladin Bless
59%
2nd Illusion Artificer/Bard/Sorcerer/Warlock/Wizard Invisibility
59%
9th Enchantment Bard/Sorcerer/Warlock/Wizard Power Word Kill
58%
3rd Transmutation Artificer/Sorcerer/Warlock/Wizard Fly
57%
2nd Conjuration Sorcerer/Warlock/Wizard Misty Step
57%
Cantrip Transmutation Artificer/Bard/Cleric/Druid/Sorcerer/Wizard Mending
56%
3rd Evocation Sorcerer/Wizard Lightning Bolt
55%
4th Transmutation Bard/Druid/Sorcerer/Wizard Polymorph
55%
1st Divination Bard/Druid/Ranger Speak with Animals
55%
1st Enchantment Bard/Wizard Tasha's Hideous Laughter
54%
4th Evocation Druid/Sorcerer/Wizard Wall of Fire
54%
Cantrip Conjuration Artificer/Sorcerer/Wizard Acid Splash
53%
1st Enchantment Bard/Druid/Sorcerer/Warlock/Wizard Charm Person
53%
2nd Evocation Sorcerer/Warlock/Wizard Darkness
53%
Cantrip Divination Artificer/Cleric/Druid Guidance
53%
Cantrip Transmutation Cleric Thaumaturgy
53%
1st Divination Artificer/Bard/Cleric/Druid/Paladin/Ranger/Sorcerer/Wizard Detect Magic
52%
Cantrip Enchantment Bard/Sorcerer/Warlock/Wizard Friends
52%
7th Conjuration Bard/Sorcerer/Wizard Teleport
52%
Cantrip Transmutation Druid Druidcraft
51%
2nd Enchantment Bard/Cleric/Druid/Sorcerer/Warlock/Wizard Hold Person
51%
9th Evocation Cleric Mass Heal
51%
Cantrip Transmutation Artificer/Bard/Sorcerer/Wizard Message
51%
4th Conjuration Bard/Sorcerer/Warlock/Wizard Dimension Door
50%
1st Abjuration Sorcerer/Wizard Mage Armor
50%
Cantrip Enchantment Bard Vicious Mockery
50%
3rd Abjuration Sorcerer/Warlock/Wizard Counterspell
48%
Cantrip Evocation Artificer/Bard/Sorcerer/Wizard Dancing Lights
48%
3rd Transmutation Artificer/Sorcerer/Wizard Haste
48%
Cantrip Evocation Artificer/Sorcerer/Wizard Ray of Frost
48%
Cantrip Evocation Artificer/Sorcerer/Wizard Shocking Grasp
48%
1st Illusion Artificer/Bard/Sorcerer/Wizard Disguise Self
47%
1st Conjuration Wizard Find Familiar
47%
1st Enchantment Bard/Sorcerer/Wizard Sleep
47%
1st Enchantment Cleric/Paladin Command
46%
1st Transmutation Druid/Ranger Goodberry
46%
3rd Necromancy Artificer/Cleric/Paladin Revivify
46%
1st Evocation Bard/Druid/Sorcerer/Wizard Thunderwave
46%
9th Transmutation Bard/Warlock/Wizard True Polymorph
46%
Cantrip Necromancy Sorcerer/Warlock/Wizard Chill Touch
45%
1st Evocation Sorcerer/Wizard Burning Hands
44%
Cantrip Divination Bard/Sorcerer/Warlock/Wizard True Strike
44%
1st Enchantment Bard/Cleric Bane
43%
4th Illusion Bard/Sorcerer/Wizard Greater Invisibility
43%
1st Transmutation Artificer/Druid/Ranger/Sorcerer/Wizard Jump
43%
5th Evocation Bard/Cleric/Druid Mass Cure Wounds
43%
Cantrip Necromancy Cleric/Warlock/Wizard Toll the Dead
43%
5th Abjuration Artificer/Bard/Cleric/Druid Greater Restoration
42%
2nd Abjuration Artificer/Bard/Cleric/Druid/Paladin/Ranger Lesser Restoration
42%
5th Necromancy Bard/Cleric/Paladin Raise Dead
42%
7th Necromancy Bard/Cleric Resurrection
42%
3rd Necromancy Bard/Cleric Speak with Dead
42%
4th Abjuration Cleric/Paladin/Sorcerer/Warlock/Wizard Banishment
41%
Cantrip Abjuration Bard/Sorcerer/Warlock/Wizard Blade Ward
41%
Cantrip Evocation Artificer/Sorcerer/Warlock/Wizard Booming Blade
41%
1st Transmutation Artificer/Bard/Sorcerer/Wizard Feather Fall
41%
1st Enchantment Warlock Hex
41%
5th Enchantment Bard/Sorcerer/Warlock/Wizard Hold Monster
41%
3rd Evocation Bard/Wizard Leomund's Tiny Hut
41%
Cantrip Conjuration Artificer/Druid/Sorcerer/Warlock/Wizard Poison Spray
41%
Cantrip Transmutation Druid Shillelagh
41%
3rd Transmutation Bard/Druid/Ranger Speak with Plants
41%
9th Necromanct Cleric/Druid True Resurrection
41%
2nd Necromancy Bard/Cleric/Sorcerer/Wizard Blindness/Deafness
40%
1st Divination Bard/Sorcerer/Warlock/Wizard Comprehend Languages
40%
5th Evocation Sorcerer/Wizard Cone of Cold
40%
1st Evocation Cleric Guiding Bolt
40%
3rd Abjuration Artificer/Bard/Cleric/Druid/Paladin/Sorcerer/Warlock/Wizard Dispel Magic
39%
Cantrip Transmutation Druid/Sorcerer/Wizard Gust
39%
1st Divination Ranger Hunter's Mark
39%
9th Evocation Bard Power Word Heal
39%
Cantrip Necromancy Artificer/Cleric Spare the Dying
39%
2nd Enchantment Bard/Sorcerer/Warlock/Wizard Suggestion
39%
5th Enchantment Bard/Sorcerer/Wizard Dominate Person
38%
Cantrip Evocation Artificer/Socrerer/Warlock/Wizard Green-Flame Blade
38%
2nd Transmutation Bard/Sorcerer/Wizard Knock
38%
3rd Illusion Bard/Sorcerer/Warlock/Wizard Major Image
38%
3rd Evocation Cleric Mass Healing Word
38%
8th Enchantment Bard/Sorcerer/Warlock/Wizard Power Word Stun
38%
3rd Evocation Bard/Cleric/Wizard Sending
38%
3rd Transmutation Sorcerer/Wizard Slow
38%
Cantrip Transmutation Artificer/Druid Thorn Whip
38%
1st Evocation Sorcerer/Wizard Chromatic Orb
37%
2nd Transmutation Artificer/Sorcerer/Wizard Enlarge/Reduce
37%
3rd Illusion Bard/Sorcerer/Warlock/Wizard Fear
37%
1st Divination Artificer/Bard/Wizard Identify
37%
2nd Illusion Sorcerer/Warlock/Wizard Mirror Image
37%
Cantrip Evocation Cleric Sacred Flame
37%
5th Divination Bard/Cleric/Druid/Warlock/Wizard Scrying
37%
1st Abjuration Cleric/Paladin Shield of Faith
37%
1st Abjuration Warlock Armor of Agathys
36%
3rd Conjuration Druid Call Lightning
36%
6th Evocation Sorcere/Wizard Chain Lightning
36%
4th Abjuration Artificer/Druid/Ranger/Sorcerer/Wizard Stoneskin
36%
4th Conjuration Druid/Ranger/Wizard Summon Elemental
36%
Cantrip Conjuration Artificer/Druid/Sorcerer/Warlock/Wizard Create Bonfire
35%
8th Enchantment Bard/Sorcerer/Warlock/Wizard Dominate Monster
35%
1st Necromancy Cleric Inflict Wounds
35%
2nd Transmutation Artificer/Sorcerer/Wizard Levitate
35%
2nd Evocation Bard/Sorcerer/Warlock/Wizard Shatter
35%
5th Evocation Wizard Wall of Force
35%
2nd Abjuration Artificer/Cleric/Paladin Aid
34%
1st Conjuration Warlock Arms of Hadar
34%
2nd Transmutation Druid/Ranger Barkskin
34%
5th Evocation Artificer/Wizard Bigby's Hand
34%
4th Enchantment Bard/Druid/Sorcerer/Warlock/Wizard Charm Monster
34%
1st Illusion Sorcerer/Wizard Color Spray
34%
2nd Transmutation Artificer/Druid/Ranger/Sorcerer/Wizard Darkvision
34%
1st Evocation Artificer/Bard/Druid Faerie Fire
34%
2nd Transmutation Artificer/Bard/Druid Heat Metal
34%
2nd Evocation Wizard Melf's Acid Arrow
34%
9th Evocation Sorcerer/Wizard Meteor Swarm
34%
7th Conjuration Cleric/Druid/Sorcerer/Warlock/Wizard Plane Shift
34%
2nd Evocation Sorcerer/Wizard Scorching Ray
34%
3rd Conjuration Cleric Spirit Guardians
34%
Cantrip Evocation Artificer/Bard/Druid/Sorcerer/Warlock/Wizard Thunderclap
34%
5th Evocation Artificer/Druid/Sorcerer/Wizard Wall of Stone
34%
1st Evocation Sorcerer/Warlock/Wizard Witch Bolt
34%
5th Conjuration Druid/Wizard Conjure Elemental
33%
1st Divination Cleric/Paladin Detect Evil and Good
33%
4th Divination Cleric Divination
33%
1st Conjuration Artificer/Wizard Grease
33%
1st Conjuration Druid/Sorcerer/Wizard Ice Knife
33%
2nd Evocation Druid Moonbeam
33%
1st Abjuration Cleric/Paladin/Warlock/Wizard Protection from Evil and Good
33%
2nd Illusion Bard/Cleric/Ranger Silence
33%
3rd Conjuration Druid/Ranger/Warlock/Wizard Summon Fey
33%
3rd Divination Bard/Cleric/Sorcerer/Warlock/Wizard Tongues
33%
3rd Transmutation Artificer/Cleric/Druid/Ranger/Sorcerer Water Walk
33%
1st Abjuration Artificer/Ranger/Wizard Alarm
32%
3rd Necromancy Cleric/Wizard Animate Dead
32%
3rd Transmutation Artificer/Sorcerer/Wizard Blink
32%
2nd Divination Bard/Sorcerer/Wizard Detect Thoughts
32%
7th Necromancy Sorcerer/Warlock/Wizard Finger of Death
32%
1st Evocation Warlock Hellish Rebuke
32%
2nd Transmutation Artificer/Paladin/Wizard Magic Weapon
32%
Cantrip Abjuration Artificer/Cleric/Druid Resistance
32%
6th Evocation Wizard Wall of Ice
32%
2nd Transmutation Artificer/Sorcerer/Wizard Alter Self
31%
2nd Divination Cleric Augury
31%
4th Necromancy Druid/Sorcerer/Warlock/Wizard Blight
31%
2nd Transmutation Artificer/Bard/Cleric/Druid/Sorcerer Enhance Ability
31%
7th Conjuration Bard/Wizard Mordenkainen's Magnificent Mansion
31%
2nd Abjuration Druid/Ranger Pass without Trace
31%
3rd Abjuration Cleric/Paladin/Warlock/Wizard Remove Curse
31%
5th Illusion Artificer/Sorcerer/Wizard Creation
30%
5th Enchantment Bard/Cleric/Druid/Paladin/Wizard Geas
30%
6th Conjuration Cleric/Druid Heroes' Feast
30%
1st Transmutation Artificer/Bard/Druid/Ranger/Wizard Longstrider
30%
Cantrip Transmutation Druid/Sorcerer/Wizard Mold Earth
30%
1st Abjuration Artificer/Cleric Sanctuary
30%
Cantrip Transmutation Druid/Sorcerer/Wizard Shape Water
30%
2nd Transmutation Artificer/Sorcerer/Warlock/Wizard Spider Climb
30%
3rd Transmutation Artificer/Druid/Ranger/Sorcerer/Wizard Water Breathing
30%
3rd Evocation Cleric/Druid/Paladin/Ranger/Sorcerer Daylight
29%
6th Transmutation Sorcerer/Wizard Disintegrate
29%
8th Evocation Cleric/Druid/Sorcerer Earthquake
29%
1st Necromancy Sorcerer/Wizard Ray of Sickness
29%
1st Enchantment Bard/Sorcerer/Wizard Silvery Barbs
29%
5th Transmutation Sorcerer/Wizard Telekinesis
29%
9th Transmutation Sorcerer/Wizard Time Stop
29%
1st Conjuration Bard/Warlock/Wizard Unseen Servant
29%
2nd Conjuration Artificer/Sorcerer/Wizard Web
29%
2nd Enchantment Bard/Cleric/Paladin Zone of Truth
29%
3rd Conjuration Artificer/Cleric/Paladin Create Food and Water
28%
1st Conjuration Druid Entangle
28%
2nd Conjuration Druid/Wizard Flaming Sphere
28%
6th Necromancy Cleric Harm
28%
Cantrip Conjuration Druid Produce Flame
28%
1st Evocation Paladin Searing Smite
28%
2nd Divination Artificer/Bard/Sorcerer/Wizard See Invisibility
28%
1st Illusion Bard/Sorcerer/Wizard Silent Image
28%
2nd Evocation Cleric Spiritual Weapon
28%
6th Evocation Cleric/Druid/Sorcerer/Wizard Sunbeam
28%
3rd Evocation Druid/Sorcerer/Wizard Wall of Water
28%
5th Transmutation Artificer/Bard/Sorcerer/Wizard Animate Object
27%
2nd Evocation Paladin Branding Smite
27%
5th Conjuration Sorcerer/Wizard Cloudkill
27%
2nd Conjuration Bard/Sorcerer/Warlock/Wizard Cloud of Daggers
27%
5th Divination Cleric Commune
27%
4th Transmutation Cleric/Druid/Wizard Control Water
27%
2nd Enchantment Bard/Sorcerer/Warlock/Wizard Crown of Madness
27%
8th Enchantment Bard/Druid/Warlock/Wizard Feeblemind
27%
9th Conjuration Cleric/Sorcerer/Wizard Gate
27%
3rd Abjuration Artificer/Bard/Cleric/Wizard Glyph of Warding
27%
2nd Divination Bard/Cleric/Druid/Paladin/Ranger/Wizard Locate Object
27%
3rd Transmutation Bard/Druid/Ranger Plant Growth
27%
5th Conjuration Cleric/Paladin Summon Celestial
27%
6th Conjuration Warlock/Wizard Summon Fiend
27%
1st Conjuration Wizard Tenser's Floating Disk
27%
1st Evocation Paladin Thunderous Smite
27%
6th Divination Bard/Cleric/Sorcerer/Warlock/Wizard True Seeing
27%
2nd Abjuration Artificer/Wizard Arcane Lock
26%
8th Transmutation Cleric/Druid/Wizard Control Weather
26%
1st Necromancy Artificer/Sorcerer/Wizard False Life
26%
2nd Conjuration Paladin Find Steed
26%
1st Enchantment Bard/Paladin Heroism
26%
3rd Conjuration Warlock Hunger of Hadar
26%
Cantrip Enchantment Sorcerer/Warlock/Wizard Mind Sliver
26%
7th Enchantment Sorcerer/Warlock/Wizard Power Word Pain
26%
4th Conjuration Warlock/Wizard Summon Greater Demon
26%
3rd Necromancy Warlock/Wizard Summon Undead
26%
5th Conjuration Bard/Sorcere/Wizard Teleportation Circle
26%
3rd Conjuration Sorcerer/Warlock/Wizard Thunder Step
26%
9th Illusion Wizard Weird
26%
1st Abjuration Artificer/Druid/Ranger/Sorcerer/Wizard Absorb Elements
25%
1st Transmutation Artificer/Sorcerer/Wizard Catapult
25%
1st Conjuration Druid/Ranger/Sorcerer/Wizard Fog Cloud
25%
6th Enchantment Bard/Wizard Otto's Irresistible Dance
25%
7th Evocation Sorcerer/Wizard Prismatic Spray
25%
2nd Transmutation Druid/Ranger Spike Growth
25%
2nd Conjuration Druid/Ranger Summon Beast
25%
8th Conjuration Druid Tsunami
25%
1st Enchantment Bard/Druid/Ranger Animal Friendship
24%
3rd Evocation Paladin Blinding Smite
24%
2nd Illusion Artificer/Sorcerer/Wizard Blur
24%
2nd Necromancy Cleric/Wizard Gentle Repose
24%
2nd Evocation Druid/Sorcerer/Wizard Gust of Wind
24%
4th Evocation Druid/Sorcerer/Wizard Ice Storm
24%
Cantrip Transmutation Artificer/Druid/Warlock Magic Stone
24%
2nd Illusion Bard/Sorcerer/Wizard Phantasmal Force
24%
4th Illusion Wizard Phantasmal Killer
24%
9th Abjuration Wizard Prismatic Wall
24%
2nd Necromancy Warlock/Wizard Ray of Enfeeblement
24%
7th Illusion Wizard Simulacrum
24%
8th Evocation Wizard Telepathy
24%
6th Conjuration Druid Wall of Thorns
24%
9th Necromancy Cleric/Warlock/Wizard Astral Projection
23%
3rd Necromancy Bard/Cleric/Wizard Bestow Curse
23%
3rd Divination Bard/Cleric/Sorcerer/Wizard Clairvoyance
23%
4th Enchantment Bard/Druid/Sorcerer/Wizard Confusion
23%
3rd Conjuration Druid/Ranger Conjure Animals
23%
Cantrip Transmutation Druid/Sorcerer/Wizard Control Flames
23%
1st Transmutation Cleric/Druid Create or Destroy Water
23%
1st Transmutation Artificer/Sorcerer/Warlock/Wizard Expeditious Retreat
23%
3rd Transmutation Sorcerer/Warlock/Wizard Gaseous Form
23%
Cantrip Evocation Artificer/Sorcerer/Warlock/Wizard Lightning Lure
23%
3rd Abjuration Cleric/Paladin/Warlock/Wizard Magic Circle
23%
9th Transmutation Bard/Sorcerer/Wizard Mass Polymorph
23%
2nd Transmutation Artificer/Wizard Rope Trick
23%
3rd Necromancy Warlock/Wizard Vampiric Touch
23%
1st Evocation Paladin Wrathful Smite
23%
1st Abjuration Cleric/Paladin Ceremony
22%
6th Conjuration Druid/Warlock Conjure Fey
22%
4th Abjuration Cleric/Paladin Death Ward
22%
5th Illusion Bard/Warlock/Wizard Dream
22%
4th Conjuration Wizard Evard's Black Tentacles
22%
7th Evocation Bard/Warlock/Wizard Forcecage
22%
Cantrip Evocation Artificer/Druid/Sorcerer/Warlock/Wizard Frostbite
22%
1st Conjuration Ranger Hail of Thorns
22%
3rd Illusion Bard/Sorcerer/Warlock/Wizard Hypnotic Pattern
22%
6th Enchantment Bard/Sorcerer/Warlock/Wizard Mass Suggestion
22%
2nd Divination Sorcerer/Warlock/Wizard Mind Spike
22%
5th Enchantment Bard/Wizard Modify Memory
22%
9th Transmutation Druid/Wizard Shapechange
22%
2nd Abjuration Cleric Warding Bond
22%
5th Abjuration Paladin Banishing Smite
21%
6th Necromancy Sorcerer/Warlock/Wizard Circle of Death
21%
8th Necromancy Wizard Clone
21%
1st Enchantment Paladin Compelled Duel
21%
6th Necromancy Cleric/Warlock/Wizard Create Undead
21%
1st Enchantment Bard Dissonant Whispers
21%
4th Enchantment Druid/Sorcerer Dominate Beast
21%
6th Necromancy Bard/Sorcerer/Warlock/Wizard Eyebite
21%
3rd Enchantment Bard/Cleric/Wizard Fast Friends
21%
7th Evocation Cleric/Druid/Sorcerer Fire Storm
21%
1st Illusion Bard/Warlock/Wizard Illusory Script
21%
4th Divination Bard/Cleric/Druid/Paladin/Ranger/Wizard Locate Creature
21%
2nd Illusion Artificer/Bard/Wizard Magic Mouth
21%
8th Conjuration Wizard Maze
21%
4th Conjuration Artificer/Wizard Mordenkainen's Faithful Hound
21%
1st Transmutation Artificer/Cleric/Druid/Paladin Purify Food and Drink
21%
2nd Illusion Sorcerer/Warlock/Wizard Shadow Blade
21%
1st Evocation Artificer/Sorcerer/Wizard Tasha's Caustic Brew
21%
3rd Evocation Druid/Ranger Wind Wall
21%
4th Conjuration Druid/Ranger Conjure Woodland Beings
20%
6th Divination Bard/Cleric/Druid Find the Path
20%
2nd Evocation Druid Flame Blade
20%
9th Divination Bard/Druid/Warlock/Wizard Foresight
20%
6th Abjuration Sorcerer/Wizard Globe of Invulnerability
20%
9th Abjuration Warlock/Wizard Imprisonment
20%
Cantrip Conjuration Druid/Sorcerer/Warlock/Wizard Infestation
20%
5th Divination Bard/Cleric/Wizard Legend Lore
20%
7th Evocation Bard/Wizard Mordenkainen's Sword
20%
4th Evocation Artificer/Wizard Otiluke's Resilient Sphere
20%
3rd Conjuration Druid/Sorcerer/Wizard Sleet Storm
20%
4th Transmutation Artificer/Cleric/Druid/Wizard Stone Shape
20%
Cantrip Evocation Cleric Word of Radiance
20%
4th Divination Artificer/Wizard Arcane Eye
19%
3rd Evocation Paladin Aura of Vitality
19%
2nd Enchantment Bard/Cleric Calm Emotions
19%
1st Conjuration Ranger Ensnaring Strike
19%
2nd Divination Cleric/Druid/Ranger Find Traps
19%
5th Evocation Cleric Flame Strike
19%
4th Abjuration Artificer/Bard/Cleric/Druid/Ranger Freedom of Movement
19%
2nd Enchantment Bard/Wizard Gift of Gab
19%
4th Conjuration Artificer/Wizard Leomund's Secret Chest
19%
5th Abjuration Bard/Cleric/Druid/Wizard Planar Binding
19%
5th Divination Wizard Rary's Telepathic Bond
19%
5th Illuision Bard/Sorcerer/Wizard Seeming
19%
3rd Conjuration Druid/Sorcerer/Wizard Tidal Wave
19%
7th Evocation Sorcerer/Wizard Delayed Blast Fireball
18%
1st Divination Cleric/Druid/Paladin/Ranger Detect Poison and Disease
18%
3rd Transmutation Artificer/Paladin Elemental Weapon
18%
2nd Evocation Cleric Prayer of Healing
18%
5th Transmutation Druid Reincarnate
18%
7th Transmutation Druid/Sorcerer/Wizard Reverse Gravity
18%
2nd Transmutation Artificer/Bard/Druid/Wizard Skywrite
18%
4th Conjuration Warlock/Wizard Summon Aberration
18%
8th Evocation Druid/Sorcere/Wizard Sunburst
18%
5th Conjuration Druid/Ranger Tree Stride
18%
2nd Divination Druid/Ranger Beast Sense
17%
2nd Transmutation Sorcerer/Wizard Dragon's Breath
17%
4th Conjuration Paladin Find Greater Steed
17%
4th Evocation Wizard Fire Shield
17%
6th Transmutation Warlock/Wizard Flesh to Stone
17%
4th Illusion Bard/Druid/Warlock/Wizard Hallucinatory Terrain
17%
5th Conjuration Cleric/Druid/Sorcerer Insect Plague
17%
9th Abjuration Wizard Invulnerability
17%
3rd Evocation Sorcerer/Wizard Melf's Minute Meteors
17%
6th Conjuration Cleric Planar Ally
17%
3rd Abjuration Artificer/Cleric/Druid/Ranger/Sorcerer/Wizard Protection from Energy
17%
2nd Abjuration Artificer/Cleric/Druid/Paladin/Ranger Protection from Poison
17%
3rd Conjuration Bard/Sorcerer/Wizard Stinking Cloud
17%
6th Conjuration Sorcerer/Warlock/Wizard Arcane Gate
16%
3rd Enchantment Artificer/Bard/Sorcerer/Wizard Catnap
16%
1st Evocation Sorcerer Chaos Bolt
16%
7th Conjuration Cleric Conjure Celestial
16%
2nd Conjuration Warlock/Wizard Flock of Familiars
16%
4th Conjuration Druid/Ranger Grasping Vine
16%
4th Conjuration Cleric Guardian of Faith
16%
5th Evocation Cleric Hallow
16%
2nd Conjuration Druid/Ranger Healing Spirit
16%
5th Evocation Cleric/Paladin Holy Weapon
16%
6th Transmutation Druid/Sorcerer/Wizard Move Earth
16%
1st Abjuration Artificer/Druid/Ranger/Wizard Snare
16%
9th Conjuration Druid Storm of Vengeance
16%
7th Abjuration Bard/Cleric/Wizard Symbol
16%
6th Transmutation Druid Wind Walk
16%
1st Divination Druid/Ranger Beast Bond
15%
4th Conjuration Druid/Wizard Conjure Minor Elementals
15%
4th Transmutation Artificer/Wizard Fabricate
15%
3rd Necromancy Bard/Cleric/Druid/Wizard Feign Death
15%
8th Abjuration Bard/Wizard Mind Blank
15%
2nd Illusion Wizard Nystul's Magic Aura
15%
6th Evocation Wizard Otiluke's Freezing Sphere
15%
Cantrip Transmutation Druid Primal Savagery
15%
9th Enchantment Bard/Sorcerer/Warlock/Wizard Psychic Scream
15%
7th Transmutation Bard/Cleric/Druid Regenerate
15%
4th Conjuration Artificer/Wizard Summon Construct
15%
2nd Enchantment Sorcerer/Wizard Tasha's Mind Whip
15%
6th Transmutation Wizard Tenser's Transformation
15%
4th Conjuration Druid/Sorcerer/Wizard Watery Sphere
15%
2nd Enchantment Bard/Druid/Ranger Animal Messenger
14%
8th Abjuration Cleric/Wizard Antimagic Field
14%
8th Enchantment Druid/Wizard Antipathy/Sympathy
14%
4th Abjuration Paladin Aura of Life
14%
5th Divination Druid/Ranger Commune with Nature
14%
3rd Conjuration Ranger Conjure Barrage
14%
5th Necromancy Cleric/Druid Contagion
14%
5th Necromancy Warlock/Wizard Danse Macabre
14%
1st Evocation Bard/Druid/Sorcerer/Wizard Earth Tremor
14%
2nd Enchantment Bard/Warlock Enthrall
14%
3rd Transmutation Artificer/Druid/Ranger/Sorcerer/Wizard Flame Arrows
14%
6th Transmutation Druid/Sorcerer/Warlock/Wizard Investiture of Stone
14%
1st Evocation Wizard Jim's Magic Missile
14%
3rd Transmutation Ranger Lightning Arrow
14%
3rd Transmutation Cleric/Druid Meld into Stone
14%
5th Illusion Bard/Wizard Mislead
14%
3rd Conjuration Warlock/Wizard Summon Lesser Demons
14%
Cantrip Conjuration Artificer/Sorcerer/Warlock/Wizard Sword Burst
14%
5th Evocation Sorcerer/Warlock/Wizard Wall of Light
14%
1st Transmutation Ranger Zephyr Strike
14%
5th Transmutation Bard/Druid Awaken
13%
3rd Abjuration Cleric Beacon of Hope
13%
9th Conjuration Sorcerer/Warlock/Wizard Blade of Disaster
13%
1st Necromancy Warlock/Wizard Cause Fear
13%
5th Abjuration Paladin Circle of Power
13%
5th Divination Warlock/Wizard Contact Other Plane
13%
2nd Transmutation Ranger Cordon of Arrows
13%
7th Evocation Sorcerer/Warlock/Wizard Crown of Stars
13%
1st Illusion Bard/Sorcerer/Warlock/Wizard Distort Value
13%
7th Evocation Cleric Divine Word
13%
7th Transmutation Bard/Cleric/Sorcerer/Warlock/Wizard Etherealness
13%
8th Transmutation Bard/Wizard Glibness
13%
6th Transmutation Druid/Sorcerer/Warlock/Wizard Investiture of Flame
13%
6th Transmutation Druid/Sorcerer/Warlock/Wizard Investiture of Wind
13%
2nd Transmutation Sorcerer/Wizard Maximilian's Earthen Grasp
13%
3rd Abjuration Bard/Ranger/Wizard Nondetection
13%
4th Enchantment Bard/Sorcerer/Warlock/Wizard Raulothim's Psychic Lance
13%
5th Conjuration Ranger/Wizard Steel Wind Strike
13%
5th Conjuration Druid/Sorcerer/Wizard Summon Draconic Spirit
13%
3rd Conjuration Warlock/Wizard Summon Shadowspawn
13%
6th Conjuration Druid Transport via Plants
13%
7th Evocation Druid/Sorcerer/Wizard Whirlwind
13%
2nd Necromancy Druid/Sorcerer/Wizard Wither and Bloom
13%
8th Necromancy Sorcerer/Wizard Abi-Dalzim's Horrid Wilting
12%
8th Transmutation Druid Animal Shapes
12%
1st Evocation Paladin Divine Favor
12%
7th Transmutation Druid/Sorcerer/Wizard Draconic Transformation
12%
3rd Transmutation Druid/Sorcerer/Wizard Erupting Earth
12%
5th Conjuration Sorcerer/Warlock/Wizard Far Step
12%
6th Transmutation Druid/Sorcerer/Warlock/Wizard Investiture of Ice
12%
6th Necromancy Wizard Magic Jar
12%
5th Transmutation Wizard Passwall
12%
3rd Illusion Wizard Phantom Steed
12%
5th Transmutation Artificer/Druid/Wizard Transmute Rock
12%
4th Evocation Sorcerer/Wizard Vitriolic Sphere
12%
2nd Conjuration Artificer/Sorcerer/Wizard Vortex Warp
12%
2nd Evocation Bard/Druid/Sorcerer/Wizard Warding Wind
12%
5th Abjuration Druid Antilife Shell
11%
4th Abjuration Paladin Aura of Purity
11%
6th Evocation Cleric Blade Barrier
11%
6th Evocation Wizard Contingency
11%
2nd Evocation Artificer/Cleric/Wizard Continual Flame
11%
6th Transmutation Wizard Create Homunculus
11%
5th Abjuration Cleric/Paladin Dispel Evil and Good
11%
7th Conjuration Bard/Sorcerer/Warlock/Wizard Dream of the Blue Veil
11%
6th Abjuration Druid Druid Grove
11%
2nd Conjuration Druid/Sorcerer/Wizard Dust Devil
11%
2nd Transmutation Druid/Sorcerer/Warlock/Wizard Earthbind
11%
5th Necromancy Sorcerer/Warlock/Wizard Enervation
11%
8th Illusion Wizard Illusory Dragon
11%
3rd Abjuration Artificer/Bard/Sorcerer/Warlock/Wizard Intellect Fortress
11%
5th Evocation Druid Maelstrom
11%
7th Illusion Bard/Druid/Wizard Mirage Arcane
11%
4th Abjuration Artificer/Wizard Mordenkainen's Private Sanctum
11%
6th Illusion Bard/Wizard Programmed Illusion
11%
7th Illusion Bard/Wizard Project Image
11%
2nd Transmutation Artificer/Bard/Sorcerer/Wizard Pyrotechnics
11%
4th Evocation Sorcerer/Warlock/Wizard Sickening Radiance
11%
6th Necromancy Warlock/Wizard Soul Cage
11%
3rd Necromancy Cleric/Paladin/Warlock/Wizard Spirit Shroud
11%
5th Enchantment Bard/Sorcerer/Warlock/Wizard Synaptic Static
11%
3rd Evocation Wizard Wall of Sand
11%
2nd Evocation Sorcerer/Wizard Aganazzar's Scorcher
10%
2nd Divination Bard/Cleric/Warlock/Wizard Borrowed Knowledge
10%
4th Enchantment Bard Compulsion
10%
5th Conjuration Ranger Conjure Volley
10%
3rd Evocation Paladin Crusader's Mantle
10%
5th Evocation Cleric/Wizard Dawn
10%
8th Conjuration Warlock/Wizard Demiplane
10%
5th Evocation Paladin Destructive Wave
10%
6th Conjuration Wizard Drawmij's Instant Summons
10%
4th Transmutation Artificer/Druid/Warlock/Wizard Elemental Bane
10%
1st Evocation Wizard Frost Fingers
10%
4th Transmutation Druid Giant Insect
10%
6th Abjuration Bards/Wizard Guards and Wards
10%
5th Evocation Sorcerer/Wizard Immolation
10%
3rd Enchantment Cleric/Warlock/Wizard Incite Greed
10%
2nd Transmutation Artificer/Bard/Sorcerer/Wizard Kinetic Jaunt
10%
3rd Necromancy Cleric/Wizard Life Transference
10%
6th Conjuration Sorcerer/Warlock/Wizard Scatter
10%
6th Transmutation Sorcerer/Warlock/Wizard Tasha's Otherworldly Guise
10%
3rd Transmutation Artificer/Ranger/Sorcerer/Wizard Ashardalon's Stride
9%
3rd Enchantment Bard/Sorcerer/Warlock/Wizard Enemies Abound
9%
8th Abjuration Cleric Holy Aura
9%
2nd Enchantment Wizard Jim's Glowing Coin
9%
2nd Divination Bard/Druid/Ranger Locate Animals or Plants
9%
8th Evocation Warlock/Wizard Maddening Darkness
9%
3rd Enchantment Bard/Cleric Motivational Speech
9%
7th Transmutation Wizard Sequester
9%
4th Necromancy Warlock Shadow of Moil
9%
2nd Evocation Sorcerer/Wizard Snilloc's Snowball Swarm
9%
4th Evocation Paladin Staggering Smite
9%
4th Evocation Sorcerer/Wizard Storm Sphere
9%
7th Conjuration Cleric Temple of the Gods
9%
3rd Transmutation Artificer/Wizard Tiny Servant
9%
6th Conjuration Cleric Word of Recall
9%
6th Transmutation Druid Bones of the Earth
8%
6th Abjuration Sorcerer/Wizard Fizban's Platinum Shield
8%
6th Abjuration Cleric Forbiddance
8%
4th Transmutation Druid/Ranger Guardian of Nature
8%
8th Conjuration Sorcerer/Wizard Incendiary Cloud
8%
6th Illusion Sorcerer/Warlock/Wizard Mental Prison
8%
2nd Evocation Sorcerer/Wizard Rime's Binding Ice
8%
5th Transmutation Ranger Swift Quiver
8%
5th Evocation Druid/Ranger Wrath of Nature
8%
5th Transmutation Druid/Sorcerer/Wizard Control Winds
7%
7th Transmutation Wizard Create Magen
7%
5th Conjuration Warlock/Wizard Infernal Calling
7%
8th Conjuration Wizard Mighty Fortress
7%
2nd Illusion Bard/Sorcerer/Wizard Nathair's Mischief
7%
5th Necromancy Warlock/Wizard Negative Energy Flood
7%
5th Transmutation Artificer/Bard/Sorcerer/Wizard Skill Empowerment
7%
6th Abjuration Druid Primordial Ward
6%
No matching quizzes found
Score Distribution
Percent of People with Each Score
Percentile by Number Answered
Your Score History
You have not taken this quiz since the last reset